Draco Malfoy - Statistics

General Stats
  • This quiz has been taken 21 times
    18 since last reset
  • The average score is 5 of 6
Answer Stats
Hint Answer % Correct
How old was he when became a death eater? 16
100%
Hogwarts house? Slytherin
100%
Wife? Astoria
87%
What is his middle name? Lucius
87%
Son? Scorpius
87%
His birthday? June 5th
40%
No matching quizzes found
Score Distribution
Percent of People with Each Score
Percentile by Number Answered
Your Score History
You have not taken this quiz since the last reset